000 00690na a2200241 4500
001 17516
003 MIRAKIL
005 20181213154942.0
008 161025b tu 000 0
040 _aMilas
_btur
_cTR-AnCHP
041 _atur
082 _a070.9
_bP26y [t.y.]
090 _a070.9 P26y [t.y.]
100 _aParlak, Türkmen
245 _aYeni Asır'ın İzmir yılları
_cTürkmen Parlak
260 _aİzmir
_bYeni Asır
_c[t. y.]
300 _a6 c.
_bfotg.
_c24 sm.
500 _aKütüphanemizde 5.-6. ciltleri bulunmaktadır.
505 _ac.5, c.6 1960-1964
610 _aYeni asır gazetesi
650 _aTürk gazeteleri
_xTarih
_zYunanistan
942 _2dcc
_cBKS
999 _c3762
_d3762